00485cam a2200169ua 45000010005000000080039000050200018000440400009000620820011000711000026000822450079001082500009001872600031001963000020002276530015002476530053002621825110811n ii |||gr||||Z||||||eng a81-7339-099-1 cMAIN a370.54 aSharma, Tarun Kumar., aAdhunik bharatar sikshyar etihash aru samasyawoli.cBy Tarun Kumar Sharma. a1st. adibrugarh:bBanalata.,992. a470 p.:c23 cm. aEducation. aAdhunik bharatar sikshar itihas aru samashyawali